000 01400nam a22003617a 4500
003 CHAP
005 20220329135559.0
008 971013s1980 mx r 00010 spa d
010 _a38813
011 _a39785
035 _a43910
040 _cCHAP
090 _aTesis
100 0 0 _aEspinoza Lozano, Eduardo.
_938054
245 1 0 _aAdaptación y crecimiento de cuatro especies de atriplex en once meses de siembra bajo condiciones de temporal en el campo experimental de Marín, N. L.
_c/por Eduardo Espinoza Lozano, Fernando Ruelas Martínez y Esteban Rivera Rangel
260 _aMonterrey, N. L. :
_bEl autor,
_c1980
300 _a68 h.
502 _aTesis (Ing. Agr. Zootecnista) -- Universidad Autónoma de Nuevo León. Facultad de Agronomía
590 _aALEPH
_b10
_c20130110
_lUCH01
_h1305
590 _aBATCH-UPD
_b10
_c20130110
_lUCH01
_h2133
590 _aBATCH-UPD
_b10
_c20130410
_lUCH01
_h1442
590 _aBATCH-UPD
_b10
_c20130914
_lUCH01
_h0513
590 _aBATCH-UPD
_b10
_c20130914
_lUCH01
_h2119
590 _aCONVERSION
_b10
_c20130109
_lUCH01
_h1322
650 1 4 _aÁrboles
_xEfecto del medio ambiente.
_96595
650 1 4 _aAtriplex.
_98272
700 0 _aFlores Hernández, Ramiro Alejandro.
_941591
700 0 _aRivera Rangel, Esteban.
_997733
700 0 _aRuelas Martínez, Fernando.
_9100573
901 _aBK
942 _cTESIS
949 _bBC
_cTES
_d-100483
_eTS1
_i43910
_si
999 _c38813
_d38813